00233 a2200109 4500001000700000020000600007040001100013100002100024240003700045245003200082362000900114168774 a  cMagnum aVilarrubias, Pia10a? A que juegan nico y max ?lESP10a? A que juegan nico y max ?0 a1899